[Event "Urals-ch"]
[Site "Orsk"]
[Date "2001.??.??"]
[Round "1"]
[White "Bereznev, Andrey"]
[Black "Yarovik, Yuri"]
[Result "0-1"]
[WhiteElo "2103"]
[BlackElo "2388"]
[PlyCount "63"]
[EventDate "2001.??.??"]
[EventType "swiss"]
[EventRounds "9"]
[EventCountry "RUS"]
[SourceTitle "EXT 2002"]
[Source "ChessBase"]
[SourceDate "2001.11.25"]
[SourceVersion "1"]
[SourceVersionDate "2001.11.25"]
[SourceQuality "1"]

1. d4 Nf6 2. c4 g6 3. Nc3 Bg7 4. e4 d6 5. Nf3 0-0 6. Be2 e5 7. 0-0 Nc6 8. d5 Ne7 9. Ne1 Nd7 10. Be3 f5 11. f3 f4 12. Bf2 g5 13. b4 Rf7 14. c5 Nf6 15. cxd6 cxd6 16. Nb5 g4 17. Qc2 g3 18. hxg3 fxg3 19. Bxg3 Ng6 20. Bf2 Bh6 21. Nd3 Nh5 22. Rfc1 Ngf4 23. Nxf4 Nxf4 24. Nxa7 Qg5 25. Bf1 Bh3 26. Be3 Rg7 27. Nb5 Qh4 28. Qf2 Qh5 29. Bxf4 Bxf4 30. Nxd6 Bh2+ 31. Kxh2 Bxg2+ 32. Kg1 0-1

[Event "Urals-ch"]
[Site "Orsk"]
[Date "2001.??.??"]
[Round "6"]
[White "Bezgodov, Alexei"]
[Black "Yarovik, Yuri"]
[Result "1/2-1/2"]
[WhiteElo "2540"]
[BlackElo "2388"]
[PlyCount "160"]
[EventDate "2001.??.??"]
[EventType "swiss"]
[EventRounds "9"]
[EventCountry "RUS"]
[SourceTitle "EXT 2002"]
[Source "ChessBase"]
[SourceDate "2001.11.25"]
[SourceVersion "1"]
[SourceVersionDate "2001.11.25"]
[SourceQuality "1"]

1. e4 c5 2. Nf3 e6 3. d4 cxd4 4. Nxd4 Nf6 5. Nc3 d6 6. Be2 Be7 7. 0-0 0-0 8. Kh1 a6 9. f4 Nc6 10. Be3 Qc7 11. Qe1 Bd7 12. Qg3 b5 13. a3 Rab8 14. Nxc6 Bxc6 15. Bd4 g6 16. f5 e5 17. Be3 Nxe4 18. Nxe4 Bxe4 19. f6 Bd8 20. Qh4 Qxc2 21. Rf2 Qxb2 22. Raf1 d5 23. Bg5 Kh8 24. Bh6 Re8 25. Bg7+ Kg8 26. Qh6 Qxa3 27. Rf3 Bxf3 28. Rxf3 Qxf3 29. Bxf3 Rb6 30. Bxd5 Bxf6 31. Qe3 Rd6 32. Bxf6 Rxf6 33. h3 Kg7 34. Kh2 Rd6 35. Qc5 Rxd5 36. Qxd5 e4 37. Qd4+ Kg8 38. Qd7 Re6 39. Qd8+ Kg7 40. Qd4+ Kg8 41. Qd8+ Kg7 42. Qd4+ Kg8 43. Qe3 b4 44. Kg1 h5 45. Kf2 a5 46. Qa7 e3+ 47. Ke2 Re8 48. Qxa5 b3 49. Qb5 Kf8 50. Qxb3 Kg8 51. Qb5 Kf8 52. Qd7 Re6 53. Qd4 Kg8 54. Qd7 Kg7 55. Qd8 Re4 56. Qb8 Re6 57. Qa8 Re7 58. Qa4 Re6 59. Qd4+ Kg8 60. g3 Re8 61. h4 Re6 62. g4 hxg4 63. Qxg4 Kh7 64. Qg5 Re8 65. Qf4 Kg7 66. Qd4+ Kg8 67. Qc3 Re6 68. Qa1 Re8 69. Qd4 Re6 70. Qd7 Kg7 71. Qd8 Re4 72. Qg5 Kf8 73. Qg3 Re6 74. Qg4 Re8 75. Qg2 Re6 76. Qg5 Re8 77. Qf6 Kg8 78. Qf1 Re6 79. Qg2 Kf8 80. Qg3 Re8 1/2-1/2

[Event "Urals-ch"]
[Site "Orsk"]
[Date "2001.??.??"]
[Round "5"]
[White "Potapov, Alexander"]
[Black "Yarovik, Yuri"]
[Result "1-0"]
[WhiteElo "2490"]
[BlackElo "2388"]
[PlyCount "75"]
[EventDate "2001.??.??"]
[EventType "swiss"]
[EventRounds "9"]
[EventCountry "RUS"]
[SourceTitle "EXT 2002"]
[Source "ChessBase"]
[SourceDate "2001.11.25"]
[SourceVersion "1"]
[SourceVersionDate "2001.11.25"]
[SourceQuality "1"]

1. d4 Nf6 2. c4 g6 3. Nc3 Bg7 4. e4 d6 5. h3 0-0 6. Bg5 a6 7. Nf3 c5 8. d5 b5 9. Bd3 b4 10. Ne2 h6 11. Be3 a5 12. Qd2 Kh7 13. Nh2 e6 14. dxe6 Bxe6 15. f4 Nc6 16. 0-0 Re8 17. Ng3 Bc8 18. Rae1 Ra7 19. Kh1 Rae7 20. Qd1 Bb7 21. Ng4 Nxg4 22. Qxg4 Bc8 23. Qe2 f5 24. Bb1 fxe4 25. f5 Bxf5 26. Nxf5 gxf5 27. Qh5 Qd7 28. Rxf5 Qe6 29. Rd5 Kg8 30. Bf4 Qf7 31. Qg4 Re6 32. Rxd6 Rxd6 33. Bxd6 h5 34. Qg5 Qf2 35. Bg3 Qxb2 36. Qd5+ Kh7 37. Qxh5+ Bh6 38. Qxe8 1-0

[Event "Urals-ch"]
[Site "Orsk"]
[Date "2001.??.??"]
[Round "2"]
[White "Yarovik, Yuri"]
[Black "Manannikov, Vitaly"]
[Result "1-0"]
[WhiteElo "2388"]
[BlackElo "2295"]
[PlyCount "209"]
[EventDate "2001.??.??"]
[EventType "swiss"]
[EventRounds "9"]
[EventCountry "RUS"]
[SourceTitle "EXT 2002"]
[Source "ChessBase"]
[SourceDate "2001.11.25"]
[SourceVersion "1"]
[SourceVersionDate "2001.11.25"]
[SourceQuality "1"]

1. d4 d5 2. c4 c6 3. cxd5 cxd5 4. Nc3 Nc6 5. e4 e6 6. e5 Nge7 7. Nf3 Nf5 8. h3 a6 9. Be2 Qb6 10. Be3 Nxe3 11. fxe3 Be7 12. 0-0 0-0 13. Bd3 Bd7 14. Qc2 g6 15. g4 Na5 16. b4 Nc4 17. Bxc4 dxc4 18. Ne4 Qd8 19. g5 Bc6 20. h4 b5 21. Nh2 Bxe4 22. Qxe4 h5 23. gxh6 Bxh4 24. Ng4 Kh7 25. Rf3 Ra7 26. Raf1 Rc7 27. Kh2 c3 28. Qc2 Bg5 29. Rg1 Qe7 30. Nf2 Bh4 31. Ne4 Kxh6 32. Rg4 Rh8 33. Kg2 Kg7 34. Nd6 g5 35. d5 Qd8 36. dxe6 fxe6 37. Rd4 Qg8 38. e4 Qh7 39. Rxc3 Rxc3 40. Qxc3 Kh6 41. Qf3 Rg8 42. Qg4 Qg6 43. Rd3 Rf8 44. Rf3 Rxf3 45. Kxf3 Kg7 46. Ke2 Kf8 47. Nb7 Qf7 48. Qf3 g4 49. Qxg4 Qxb7 50. Qxh4 Qc6 51. Qd8+ Kf7 52. Qd3 Kg6 53. Kd2 Kh5 54. Ke3 Qc1+ 55. Kd4 Qg1+ 56. Qe3 Qxe3+ 57. Kxe3 Kg4 58. Kd3 Kf3 59. Kd4 Kf4 60. Kc5 Kxe5 61. Kb6 Kxe4 62. Kxa6 Kd4 63. Kxb5 e5 64. a4 e4 65. a5 e3 66. a6 e2 67. a7 e1Q 68. a8Q Qe5+ 69. Ka4 Qc7 70. Qh8+ Kd5 71. Qh5+ Kd4 72. Qd1+ Ke4 73. Qe2+ Kd4 74. Qd2+ Ke4 75. b5 Qa7+ 76. Qa5 Qd7 77. Qb4+ Kd3 78. Qc5 Ke2 79. Ka5 Qd2+ 80. Ka6 Qa2+ 81. Kb7 Qf7+ 82. Kc8 Qe6+ 83. Kc7 Qf7+ 84. Kd8 Qg8+ 85. Kd7 Qg4+ 86. Kc7 Qg7+ 87. Kc6 Qg6+ 88. Qd6 Qe8+ 89. Qd7 Qe4+ 90. Kc7 Qe5+ 91. Kb7 Qe4+ 92. Kc7 Qe5+ 93. Kb6 Qb8+ 94. Kc5 Qf8+ 95. Kc6 Qa8+ 96. Kd6 Qa3+ 97. Ke6 Qe3+ 98. Kf7 Qf4+ 99. Ke7 Qg5+ 100. Kd6 Qf4+ 101. Kc6 Qe4+ 102. Qd5 Qe8+ 103. Kd6 Qd8+ 104. Kc6 Qc8+ 105. Kb6 1-0

[Event "Chigorin Memorial 07th"]
[Site "St Petersburg"]
[Date "1999.11.09"]
[Round "8"]
[White "Galkin, Alexander"]
[Black "Yarovik, Yuri"]
[Result "1-0"]
[WhiteElo "2535"]
[BlackElo "2401"]
[PlyCount "83"]
[EventDate "1999.11.02"]
[EventType "swiss"]
[EventRounds "9"]
[EventCountry "RUS"]
[SourceTitle "CBM 074"]
[Source "ChessBase"]
[SourceDate "2000.02.01"]
[SourceVersion "1"]
[SourceVersionDate "2000.02.01"]
[SourceQuality "1"]

1. e4 e5 2. Nf3 Nc6 3. Bb5 a6 4. Ba4 Nf6 5. 0-0 Be7 6. Re1 b5 7. Bb3 d6 8. c3 0-0 9. h3 Nd7 10. d4 Bf6 11. a4 Bb7 12. Na3 Ne7 13. Bg5 bxa4 14. Bxa4 Bxg5 15. Nxg5 exd4 16. cxd4 h6 17. Nf3 Nf6 18. Nd2 Rb8 19. Rc1 Ng6 20. d5 Nh7 21. Rc3 f5 22. Qc2 fxe4 23. Nxe4 Bxd5 24. Rxc7 Ne5 25. Rc3 Qb6 26. b3 Rf4 27. Qd2 Bxe4 28. Qxf4 Nd3 29. Nc4 Nxf4 30. Nxb6 Bxg2 31. Nd7 Rb4 32. Re7 Bb7 33. Rc7 Nxh3+ 34. Kh2 N3g5 35. Re8+ Kf7 36. Nc5+ Kg6 37. Nxb7 Nf6 38. Ree7 Rh4+ 39. Kg2 Nh5 40. Be8+ Kf6 41. Bxh5 Rxh5 42. Nxd6 1-0

[Event "Chigorin Memorial 07th"]
[Site "St Petersburg"]
[Date "1999.11.06"]
[Round "5"]
[White "Yarovik, Yuri"]
[Black "Kuprijanov, Ilija"]
[Result "1/2-1/2"]
[WhiteElo "2401"]
[BlackElo "2322"]
[PlyCount "86"]
[EventDate "1999.11.02"]
[EventType "swiss"]
[EventRounds "9"]
[EventCountry "RUS"]
[SourceTitle "CBM 074"]
[Source "ChessBase"]
[SourceDate "2000.02.01"]
[SourceVersion "1"]
[SourceVersionDate "2000.02.01"]
[SourceQuality "1"]

1. d4 d5 2. c4 e6 3. Nc3 c5 4. cxd5 exd5 5. Nf3 Nc6 6. g3 Be6 7. Bg2 Nf6 8. 0-0 Be7 9. dxc5 Bxc5 10. Na4 Be7 11. Be3 Ne4 12. Nd4 Nxd4 13. Bxd4 0-0 14. Nc3 Nxc3 15. Bxc3 Qd7 16. Qd3 Rfd8 17. Rfd1 Bf8 18. Qd4 Qb5 19. Rd2 Rd7 20. Rad1 Rad8 21. b3 b6 22. Qe5 Qc5 23. Bd4 Qc7 24. Bb2 Qxe5 25. Bxe5 f6 26. Bb2 Kf7 27. e3 Bc5 28. Bf3 Ke7 29. Kg2 Bf7 30. g4 Be6 31. h4 h6 32. h5 Bf7 33. Kg3 Bd6+ 34. Kh4 Bc5 35. Bg2 Be6 36. Rd3 Ke8 37. Bf3 Ke7 38. R3d2 Bf7 39. Kg3 Bd6+ 40. Kg2 Bc5 41. Bc3 a5 42. Bd4 Be6 43. Bc3 Kf8 1/2-1/2

[Event "Chigorin Memorial 07th"]
[Site "St Petersburg"]
[Date "1999.11.02"]
[Round "1"]
[White "Yarovik, Yuri"]
[Black "Melnikov, Dmitry"]
[Result "0-1"]
[WhiteElo "2401"]
[BlackElo "2153"]
[PlyCount "146"]
[EventDate "1999.11.02"]
[EventType "swiss"]
[EventRounds "9"]
[EventCountry "RUS"]
[SourceTitle "CBM 074"]
[Source "ChessBase"]
[SourceDate "2000.02.01"]
[SourceVersion "1"]
[SourceVersionDate "2000.02.01"]
[SourceQuality "1"]

1. d4 d5 2. c4 e6 3. Nc3 c6 4. e3 Bd6 5. Bd3 f5 6. Qc2 Nf6 7. cxd5 cxd5 8. Nb5 0-0 9. Nxd6 Qxd6 10. Nf3 Nc6 11. Bd2 Bd7 12. Rc1 Rac8 13. Qc5 Qxc5 14. Rxc5 Ne4 15. Rc2 a6 16. Ke2 Na7 17. Rhc1 Bb5 18. Bxb5 axb5 19. Ne5 Rxc2 20. Rxc2 Rc8 21. Rxc8+ Nxc8 22. f3 Nf6 23. Bb4 Nb6 24. b3 Nfd7 25. Nd3 Nc8 26. Bc5 Kf7 27. Kd2 b6 28. Ba3 g5 29. Kc3 Kf6 30. Nb4 Nb8 31. Bc1 Nd6 32. Bd2 h5 33. Be1 f4 34. exf4 gxf4 35. Nd3 Kf5 36. Bd2 Nc6 37. Nxf4 b4+ 38. Kd3 Nb5 39. Nxh5 Nbxd4 40. Be3 Nb5 41. g4+ Kg6 42. f4 Nc3 43. Ng3 Nxa2 44. h4 e5 45. h5+ Kh7 46. Nf5 Nc3 47. g5 d4 48. g6+ Kh8 49. Bf2 e4+ 50. Kc4 d3 51. Bh4 Na5+ 52. Kd4 Nc6+ 53. Ke3 Nd5+ 54. Kxe4 d2 55. Ne3 Nce7 56. Bxe7 Nxe7 57. f5 Kg7 58. Kd3 d1Q+ 59. Nxd1 Nxf5 60. Ke4 Ng3+ 61. Kf4 Nxh5+ 62. Kg5 Ng3 63. Nf2 Ne2 64. Nd3 Nd4 65. Nf4 Nf3+ 66. Kh5 Nd4 67. Kg5 Nf3+ 68. Kg4 Nd4 69. Kh5 Nxb3 70. Ne6+ Kg8 71. Kh6 Nc5 72. Nf4 b3 73. Nd5 Ne6 0-1

[Event "Novgorod op"]
[Site "Novgorod"]
[Date "1999.03.27"]
[Round "9"]
[White "Yarovik, Yuri"]
[Black "Kondenko, Alexey"]
[Result "1-0"]
[WhiteElo "2415"]
[BlackElo "2254"]
[PlyCount "113"]
[EventDate "1999.03.19"]
[EventType "swiss"]
[EventRounds "10"]
[EventCountry "RUS"]
[SourceTitle "CBM 069 Extra"]
[Source "ChessBase"]
[SourceDate "1999.05.10"]
[SourceVersion "1"]
[SourceVersionDate "1999.05.10"]
[SourceQuality "1"]

1. d4 Nf6 2. c4 Nc6 3. Nc3 e5 4. d5 Ne7 5. g3 Ng6 6. Bg2 Bc5 7. Nf3 0-0 8. 0-0 h6 9. Ne1 a6 10. Nc2 d6 11. e4 Bg4 12. Qd3 Qd7 13. Be3 Bh3 14. Bxc5 dxc5 15. Ne3 Ne8 16. Qe2 Nd6 17. Qh5 Bxg2 18. Kxg2 Rfe8 19. b3 b5 20. Qe2 b4 21. Na4 Nxe4 22. f3 Ng5 23. Nxc5 Nf4+ 24. gxf4 Qh3+ 25. Kh1 exf4 26. Qg2 Rxe3 27. Qxh3 Nxh3 28. Kg2 Ng5 29. Rae1 a5 30. Rxe3 fxe3 31. f4 Nh7 32. Re1 a4 33. Nxa4 Ra5 34. Rxe3 Kf8 35. Kf3 Nf6 36. h3 g6 37. Ke2 Nh5 38. Kf3 Nf6 39. Re2 Nd7 40. Ke3 Ra6 41. Kd4 Rf6 42. Rf2 Rf5 43. Nb2 Rh5 44. Rf3 Rh4 45. Nd3 g5 46. Nxb4 h5 47. c5 g4 48. hxg4 hxg4 49. Rg3 f5 50. c6 Nf6 51. d6 Kf7 52. dxc7 Rh8 53. Nd5 Ne4 54. Rg2 Ke6 55. Nb6 Nd6 56. Re2+ Kf6 57. c8Q 1-0

[Event "Novgorod op"]
[Site "Novgorod"]
[Date "1999.03.21"]
[Round "3"]
[White "Yarovik, Yuri"]
[Black "Kobalia, Mihail"]
[Result "0-1"]
[WhiteElo "2415"]
[BlackElo "2537"]
[PlyCount "80"]
[EventDate "1999.03.19"]
[EventType "swiss"]
[EventRounds "10"]
[EventCountry "RUS"]
[SourceTitle "CBM 069 Extra"]
[Source "ChessBase"]
[SourceDate "1999.05.10"]
[SourceVersion "1"]
[SourceVersionDate "1999.05.10"]
[SourceQuality "1"]

1. d4 d5 2. c4 c6 3. Nf3 Nf6 4. e3 Bf5 5. Nc3 e6 6. Bd3 Bxd3 7. Qxd3 Nbd7 8. 0-0 Be7 9. Rd1 0-0 10. e4 dxe4 11. Nxe4 Qc7 12. Bg5 Rfe8 13. Nxf6+ Bxf6 14. Bxf6 Nxf6 15. Rd2 Rad8 16. Rad1 e5 17. Qf5 e4 18. Ne5 h5 19. c5 b5 20. h3 Rd5 21. g4 hxg4 22. hxg4 Re7 23. Kg2 Nd7 24. Qxe4 f6 25. Rh1 Nxe5 26. dxe5 Rxd2 27. e6 Re8 28. Qh7+ Kf8 29. Qh8+ Ke7 30. Qxg7+ Kd8 31. Qxf6+ Kc8 32. g5 Qd8 33. Qxd8+ Kxd8 34. Rh6 Rg8 35. e7+ Kxe7 36. Rxc6 Rxg5+ 37. Kf3 Kd7 38. Ra6 Rxc5 39. Rxa7+ Kc6 40. b4 Rf5+ 0-1

[Event "RUS-ch sf"]
[Site "Ufa"]
[Date "1999.??.??"]
[Round "6"]
[White "Yarovik, Yuri"]
[Black "Nachev, Stanislav"]
[Result "0-1"]
[WhiteElo "2415"]
[BlackElo "2325"]
[PlyCount "80"]
[EventDate "1999.04.??"]
[EventType "swiss"]
[EventRounds "11"]
[EventCountry "RUS"]
[SourceTitle "CBM 070 Extra"]
[Source "ChessBase"]
[SourceDate "1999.07.10"]
[SourceVersion "1"]
[SourceVersionDate "1999.07.10"]
[SourceQuality "1"]

1. d4 d5 2. c4 dxc4 3. e3 Nf6 4. Bxc4 e6 5. Nf3 c5 6. 0-0 a6 7. a4 Nc6 8. Qe2 Qc7 9. Nc3 Bd6 10. h3 0-0 11. Rd1 b6 12. dxc5 bxc5 13. e4 Ne5 14. Be3 Nxf3+ 15. Qxf3 Be5 16. Rac1 Bb7 17. Bd3 Qb6 18. Ne2 Rfc8 19. Rd2 Qb3 20. Rc4 a5 21. Nc1 Qb6 22. Rdc2 Nd7 23. Qh5 g6 24. Qh4 Ba6 25. f4 Bf6 26. Qf2 Bxc4 27. Bxc4 Bd4 28. Nd3 Nf6 29. Bxd4 cxd4 30. Qe2 Qc6 31. e5 Nd5 32. f5 Ne3 33. fxe6 fxe6 34. Rc1 Nxc4 35. b3 Qd7 36. bxc4 Qxa4 37. Qg4 Qd7 38. Nf2 d3 39. Kh2 Kg7 40. Rd1 d2 0-1

[Event "RUS-ch sf"]
[Site "Pskov"]
[Date "1998.??.??"]
[Round "7"]
[White "Hamatgaleev, Alexej"]
[Black "Yarovik, Yuri"]
[Result "1/2-1/2"]
[WhiteElo "2310"]
[BlackElo "2375"]
[PlyCount "31"]
[EventDate "1998.??.??"]
[EventType "swiss"]
[EventRounds "11"]
[EventCountry "RUS"]
[SourceTitle "EXT 2000"]
[Source "ChessBase"]
[SourceDate "1999.11.16"]
[SourceVersion "1"]
[SourceVersionDate "1999.11.16"]
[SourceQuality "1"]

1. e4 c5 2. Nf3 e6 3. c3 d5 4. exd5 exd5 5. d4 Nc6 6. Bb5 Bd6 7. 0-0 Nge7 8. dxc5 Bxc5 9. Nbd2 0-0 10. Nb3 Bd6 11. Bg5 f6 12. Bh4 a6 13. Bd3 Bg4 14. Bg3 Ne5 15. Be2 Be6 16. Nbd4 1/2-1/2

[Event "RUS-ch sf"]
[Site "Pskov"]
[Date "1998.??.??"]
[Round "5"]
[White "Terekhin, Anatoly"]
[Black "Yarovik, Yuri"]
[Result "0-1"]
[WhiteElo "2330"]
[BlackElo "2375"]
[PlyCount "58"]
[EventDate "1998.??.??"]
[EventType "swiss"]
[EventRounds "11"]
[EventCountry "RUS"]
[SourceTitle "EXT 2000"]
[Source "ChessBase"]
[SourceDate "1999.11.16"]
[SourceVersion "1"]
[SourceVersionDate "1999.11.16"]
[SourceQuality "1"]

1. e4 c5 2. g3 g6 3. Bg2 Bg7 4. Ne2 Nc6 5. 0-0 e6 6. c3 Nge7 7. d4 cxd4 8. cxd4 d5 9. exd5 Nxd5 10. Nbc3 Nxc3 11. bxc3 0-0 12. f4 Bd7 13. g4 Rc8 14. Ng3 b5 15. Bd2 Ne7 16. Qb3 a6 17. Rae1 Rc4 18. Re2 Kh8 19. f5 Ng8 20. fxg6 hxg6 21. g5 Ne7 22. Bf4 Nd5 23. Bxd5 exd5 24. Bd6 Re8 25. Be5 Rxe5 26. dxe5 Be6 27. Qa3 Qc8 28. Qe7 Rc7 29. Qd6 Bf8 0-1

[Event "RUS-ch sf"]
[Site "Pskov"]
[Date "1998.??.??"]
[Round "6"]
[White "Yarovik, Yuri"]
[Black "Alavkin, Arseny Nailievich"]
[Result "1/2-1/2"]
[WhiteElo "2375"]
[BlackElo "2440"]
[PlyCount "52"]
[EventDate "1998.??.??"]
[EventType "swiss"]
[EventRounds "11"]
[EventCountry "RUS"]
[SourceTitle "EXT 2000"]
[Source "ChessBase"]
[SourceDate "1999.11.16"]
[SourceVersion "1"]
[SourceVersionDate "1999.11.16"]
[SourceQuality "1"]

1. d4 d5 2. c4 c6 3. Nc3 Nf6 4. e3 a6 5. Bd3 Bg4 6. Nge2 e6 7. f3 Bh5 8. a4 Bg6 9. e4 dxe4 10. fxe4 e5 11. d5 Bc5 12. h3 Nh5 13. g3 a5 14. Rf1 Na6 15. Rf3 Qb6 16. Kf1 h6 17. Kg2 Nf6 18. Qf1 0-0-0 19. g4 h5 20. g5 Ne8 21. h4 Nd6 22. Ng3 Bd4 23. Qe2 Nc5 24. Bd2 Nxd3 25. Qxd3 Qa6 26. Nb5 cxb5 1/2-1/2

[Event "RUS-Cup3"]
[Site "Omsk"]
[Date "1996.??.??"]
[Round "1"]
[White "Fedorov, Alexei"]
[Black "Yarovik, Yuri"]
[Result "1-0"]
[WhiteElo "2555"]
[BlackElo "2375"]
[PlyCount "82"]
[EventDate "1996.12.13"]
[EventType "swiss"]
[EventRounds "9"]
[EventCountry "RUS"]
[SourceTitle "CBM 057"]
[Source "ChessBase"]
[SourceDate "1997.04.01"]
[SourceVersion "1"]
[SourceVersionDate "1997.04.01"]
[SourceQuality "1"]

1. e4 c5 2. Nf3 e6 3. d3 Nc6 4. g3 d5 5. Nbd2 Bd6 6. Bg2 Nge7 7. 0-0 0-0 8. Nh4 f5 9. f4 Rb8 10. Ndf3 Bc7 11. c3 dxe4 12. dxe4 h6 13. Qc2 Qe8 14. Be3 b6 15. Rfe1 Qf7 16. b4 e5 17. fxe5 g5 18. e6 Bxe6 19. Bxg5 fxe4 20. Bxe7 exf3 21. Bxf8 fxg2 22. Bxh6 cxb4 23. Qg6+ Qxg6 24. Nxg6 Bf7 25. Ne7+ Nxe7 26. Rxe7 Bd6 27. Rd7 Bc5+ 28. Kxg2 bxc3 29. Re1 Bf8 30. Bxf8 Rxf8 31. Rc7 Bd5+ 32. Kh3 Bxa2 33. Ree7 Rf7 34. Rxf7 Bxf7 35. Rxc3 a5 36. Rc8+ Kg7 37. Rb8 a4 38. Rxb6 a3 39. Ra6 a2 40. Kg4 Bc4 41. Ra5 Kf6 1-0